Fundamentals of statistics(volume one) (Record no. 429334)

000 -LEADER
fixed length control field 00443cam a22001577a 4500
008 - FIXED-LENGTH DATA ELEMENTS--GENERAL INFORMATION
fixed length control field 180718b1983 xxu||||| |||| 00| 0 eng d
082 ## - DEWEY DECIMAL CLASSIFICATION NUMBER
Classification number I5511 G643f/1
100 ## - MAIN ENTRY--PERSONAL NAME
Personal name Goon, A.M.
245 ## - TITLE STATEMENT
Title Fundamentals of statistics(volume one)
Statement of responsibility, etc. by A.M. Goon, M.K. Gupta and B. Das Gupta
250 ## - EDITION STATEMENT
Edition statement 6th ed. rev.
260 ## - PUBLICATION, DISTRIBUTION, ETC.
Place of publication, distribution, etc. Calcutta
Name of publisher, distributor, etc. World Press
Date of publication, distribution, etc. 1983
300 ## - PHYSICAL DESCRIPTION
Extent 644p
650 ## - SUBJECT ADDED ENTRY--TOPICAL TERM
Topical term or geographic name entry element Statistics
700 ## - ADDED ENTRY--PERSONAL NAME
Personal name Das Gupta, B.
700 ## - ADDED ENTRY--PERSONAL NAME
Personal name Gupta, M.K.
Holdings
Withdrawn status Lost status Damaged status Not for loan Permanent Location Current Location Date acquired Full call number Barcode Date last seen Price effective from Koha item type
        Indian Institute of Public Administration Indian Institute of Public Administration 2009-12-23 I5511 G643f/1 60411 2018-07-21 2018-07-21 Book
        Indian Institute of Public Administration Indian Institute of Public Administration 2009-12-23 I5511 G643f/1 60410 2018-07-21 2018-07-21 Book
        Indian Institute of Public Administration Indian Institute of Public Administration 2009-12-23 I5511 G643f/1 60409 2018-07-21 2018-07-21 Book
        Indian Institute of Public Administration Indian Institute of Public Administration 2009-12-23 I5511 G643f/1 60407 2018-07-21 2018-07-21 Book

Powered by Koha